MDQL
is popping MORE tags! Check the
thread
!
Quizzes
Events
Quiz Creation
Community
Videos
Private Events
Remove Ads
Sign In
Join for FREE
Feedback
Dark Mode
Quiz Categories
Sports
Geography
Music
Movies
Television
Just For Fun
Miscellaneous
History
Literature
Language
Science
Gaming
Entertainment
Religion
Holiday
For Kids
Quiz Lab
Recent
Popular Today
Quiz Kudos Today
Editor Picks
Curator Picks
Quizzes by...
Day
Popularity
Type
Ratings
Length
Year
Community
Subscriptions
Recent Discussions
Orange Saloon
Badges
Playlists
Quests
Create
Leaderboards
Showdown
Live 5
Trivia Bingo
Activity
Puzzle Library
Sporcle Events
Private Events
Virtual Trivia
Globe League
Become a Host
Pub Owners
SporcleCon
Opinionation
Our Games
Videos
Blog
Mobile Apps
Partnerships
Remove Ads and Go Orange
Feedback
Movies
Disney
Marvel Cinematic Universe
Movie Resume
Movie Titles
Oscar
Actor
Actress
Director
Pixar
Role
Movie Quotes
Movie Characters
Box Office
Nominee
Best Picture
Star Wars
James Bond
Horror Movies
Movies
Disney
Marvel Cinematic Universe
Movie Resume
Movie Titles
Oscar
Actor
Actress
Director
Pixar
Role
Movie Quotes
Movie Characters
Box Office
Nominee
Best Picture
Star Wars
James Bond
Horror Movies
Random Quiz
Search Sporcle
×
Quiz Lab
Quiz Lab
Movies
Movie Characters
Type in answers that appear in a list
Type in answers that appear in a list
Classic
Best Score? Go Orange.
Bilbo's Birthday Speech Stats
Can you remember Bilbo's speech for his birthday party in The Lord of the Rings: The Fellowship of the Ring movie?
By
Lord_Voldememe
8m
101 Questions
417 Plays
417 Plays
417 Plays
Comments
Comments
Give Quiz Kudos
Give Quiz Kudos
-
- Ratings
hide this ad
Replay
Link that replays current quiz
Next Quiz
Link to next quiz in quiz playlist
You Got
0%
They Got
Avg Score
77%
Avg Friend Score
Upgrade to see
Score Distribution
Jump to the score distribution portion of the page
Score
0/101
Timer
08:00
0
Plays Today
What does he say to his fellow Hobbits?
% Correct
and
98.8%
and
98.8%
and
98.8%
and
98.8%
a
98.8%
and
98.8%
and
98.8%
the
98.8%
a
98.8%
I
97.6%
I
97.6%
I
97.6%
I...erm
97.6%
I
97.6%
I
97.6%
I
97.6%
you
96.1%
you
96.1%
you
96.1%
you
96.1%
to
94.9%
to
94.9%
to
94.9%
of
94%
of
94%
as
92.5%
as
92.5%
as
92.5%
as
92.5%
like,
90.6%
like
90.6%
My
90.1%
my
90.1%
half
89.9%
What does he say to his fellow Hobbits?
% Correct
half
89.9%
half
89.9%
half
89.9%
too
86.7%
deserve.
86.7%
too
86.7%
birthday!
85.8%
know
85.5%
well
85.5%
well
85.5%
is
84.3%
is
84.3%
is
84.3%
than
84.1%
should
83.1%
am
81.4%
one
81.2%
less
81%
far
80.7%
far
80.7%
do.
79.5%
hundred
79%
this
78.8%
this
78.8%
going
78.8%
now.
78.6%
Hobbtis.
78.1%
have
77.3%
all
77.1%
Goodbye.
76.6%
for
74.9%
long.
74.7%
dear
73.7%
eleventh
73.7%
What does he say to his fellow Hobbits?
% Correct
Tooks
71.6%
end.
70.6%
don't
69.6%
Today
69.4%
farewell.
69.4%
time
69.2%
Bagginses
67.7%
very
66.7%
bid
65.8%
Proudfoots.
65.3%
Brandybucks,
64.3%
fond
63.9%
I've
61%
put
59.8%
such
59.3%
off
59.3%
short
58.1%
live
56.1%
years
55.9%
among
54.5%
things
54.5%
regret
51.1%
announce-
48.4%
Boffins,
48%
admirable
45.1%
eleventy-one
41.7%
Bracegirdles,
35.2%
Bolgers,
34%
excellent
31.6%
Chubbs,
30.1%
Grubbs,
28%
Hornblowers,
27.7%
Alas,
27.2%
Quiz Playlist
Details
Report
Send in Message
Add To Playlist
Classic:
Type in answers that appear in a list
Last Updated: Jan 30, 2018
Quiz Scoreboard
CHALLENGE
Sign Up to Join the Scoreboard
Show All
Scores
Hide
Comments
May contain spoilers
Recently Published
Find the 'City' Movie
by crazypaving
Movies
60s
5x2 Blitz: Bands
by SL_Kpop136
Music
30s
Colored Red Africa Blitz
by spor1
Geography
30s
More to Explore
Quiz From the Vault
Featured Blog Post
14 Easter Pick-up Lines to Find Eggs With
hide this ad
You Might Also Like...
Tags
Famous Quiz
Lord of the Rings Quiz
Movie Characters Quiz
Movie Quotes Quiz
BAFTA Film
Film Adaptations
Film Series
LOTR
Movie Moments
Peter Jackson
speech
Today's Top Quizzes in Movies
Browse Movies
hide this ad
Today's Top Quizzes in Movie Characters
Browse Movie Characters
Top Contributed Quizzes in Movies
1
Find The 'Big' Movie
2
Find The 'Blue' Movie
3
Find The 'Wild' Movie
4
Hidden Star Wars Character II
5
Pick 5 Posters: Directed by Spielberg
6
Hidden Star Wars Character III
7
Hidden Star Wars Character IV
8
Movies By Plot
9
Alfred Hitchcock Movies by Plot
10
Hidden Star Wars Character V
Explore More
Trending Topics
Kpop
Anime
Harry Potter
Crossword
NBA
Marvel
Disney
Pokémon
Soccer
Country
Song
NFL
Puzzle
WWE
The Office
hide this ad
More By:
Lord_Voldememe
Quiz
Plays
Rating
Category
Featured
Created
British Royal Family Members
4,073
4.24
Miscellaneous
Dec 14, 2017
Horrible Histories: Charles II Song Part 1
892
3.00
Television
Mar 15, 2018
Click the MCU Character
821
4.25
Movies
Jan 23, 2018
MCU Name Match-Up
646
3.25
Movies
Nov 29, 2017
The Tragedy of Darth Plagueis the Wise
511
5.00
Movies
Dec 17, 2017
Go to Creator's Profile
Score Distribution
Quiz Creator Spotlight
Lord_Voldememe
Follow
Send a Message
Quizzes Created
-
Created Quiz Play Count
-
More By This Creator
Popular Quizzes Today
1
5x2 Blitz: Bands
2
Find the 'City' Movie
3
Colored Red Africa Blitz
4
Find the US States - No Outlines Minefield
5
The Countries of the World
6
Find the US States
7
9x9 Crossword: Cartoon Network
8
US States
More Movies Quizzes
Missing Word: Tom Selleck
Curator's Pick
Trending Quizzes
Colored Red Africa Blitz II
Colored Red Europe Blitz I
Christmas Pick: Judaism
Colored Red Africa Blitz III
Colored Red Europe Blitz II
Recently Updated
Champions League XIs: Real Madrid
pecheneg
Largest US Cities 1790-2010
pecheneg
Rides in Walt Disney World
pecheneg
Most Oscar Losses (Acting)
pecheneg
Beyoncé Albums
pecheneg
Leaping Animals
pecheneg
Reality TV Shows (A-Z)
bhenderson79
Rickey Henderson's Hall of Fame Teammates
pecheneg
Champions League XIs: Arsenal
pecheneg
Quick Pick: Celebrities in WWE's Hall of Fame
aduchscher
Trending Topics
Anime
Crossword
Disney
Kpop
Marvel
Harry Potter
NBA
Pokémon
WWE
Song
Puzzle
The Office
NFL
Country
Soccer
Your Account Isn't Verified!
In order to create a playlist on Sporcle, you need to verify the email address you used during registration. Go to your
Sporcle Settings
to finish the process.
Report this User
Report this user for behavior that violates our
Community Guidelines
.
Details:
Send Report
Go to the Sporcle.com Mobile Site →
Comments